00885cam a2200241Ia 4500001002200000003000700022005001700029007000700046008004100053040005900094020002200153020002500175035002000200050002600220100002500246245006800271260003700339300002100376655003100397650001900428856009500447856010100542cheyennesunrise00obanCaSfIA20230525155018.0cr||||900720s1990 nyu 000 1 eng d aJJGcJJGdZZCdSLCdOCLCQdBAKERdBTCTAdECASDdCaSfIA a0821730886 (pbk.) a9780821730881 (pbk.) a(OCoLC)22104706 4aPS3565.B28bC43 1990x1 aO'Banyon, Constance.10aCheyenne sunrise /h[electronic resource] cConstance O'Banyon. aNew York :bZebra Books,cc1990. a384 p. ;c18 cm. 7aHistorical fiction.2gsafd 0aLovevFiction.41uhttp://www.archive.org/details/cheyennesunrise00obanzFree eBook from the Internet Archive42uhttp://www.openlibrary.org/books/OL11418587MzAdditional information and access via Open Library